000 00541nam a2200181Ia 4500
008 151202s9999||||xx |||||||||||||| ||und||
082 _bPNVM-32121
100 _aभावे पु.भा.
245 _aविषकन्या.
260 _bकॉन्टिनेंटल बुक सर्व्हीस.
260 _c0
300 _a95
600 _aभावे पु.भा.
630 _aविषकन्या.
700 _aभावे पु.भा.
730 _aविषकन्या.
942 _cBOOK
999 _c1298082
_d1298079